| 000 | 01016cam a22002533a 4500 | ||
|---|---|---|---|
| 001 | 7471 | ||
| 003 | PGUSA | ||
| 005 | 20140828083145.0 | ||
| 008 | 050201s2005||||xxu|||||s|||||000 | eng d | ||
| 040 |
_aPGUSA _beng |
||
| 042 | _adc | ||
| 050 | 4 | _aPR | |
| 100 | 1 |
_aWodehouse, P. G. _q(Pelham Grenville), _d1881-1975 |
|
| 245 | 1 | 4 |
_aThe Man with Two Left Feet, and other stories _h[electronic resource] / _cP. G. Wodehouse |
| 260 |
_bProject Gutenberg, _c2005 |
||
| 505 | 0 | _aBill the Bloodhound -- Extricating Young Gussie -- Wilton's Holiday -- The Mixer (I) -- The Mixer (II) -- Crowned Heads -- At Geisenheimer's -- The Making of Mac's -- One Touch of Nature -- Black for Luck -- The Romance of an Ugly Policeman -- A Sea of Troubles -- The Man with Two Left Feet. | |
| 506 | _aPublic domain in the USA. | ||
| 516 | _aElectronic text | ||
| 653 | _aHumorous stories, English | ||
| 653 | _aShort stories | ||
| 830 | 0 |
_aProject Gutenberg _v7471 |
|
| 856 | 4 | 0 | _uhttp://www.gutenberg.org/ebooks/7471 |
| 942 | _cEB | ||
| 999 |
_c236791 _d236791 |
||